Summa Artis (Record no. 6965)

MARC details
000 -CABECERA
campo de control de longitud fija 01540nam a2200265 a 4500
001 - NÚMERO DE CONTROL
campo de control BRCA_7287
005 - FECHA Y HORA DE LA ÚLTIMA TRANSACCIÓN
campo de control 20190320205800.0
008 - DATOS DE LONGITUD FIJA--INFORMACIÓN GENERAL
campo de control de longitud fija 850430m19311951sp-a#####b---#001-0#spa-d
041 ## - CÓDIGO DE LENGUA
Código de lengua del texto/banda sonora o título independiente spa
044 ## - CÓDIGO DEL PAÍS DE LA ENTIDAD EDITORA/PRODUCTORA
Código MARC del país sp
050 #4 - SIGNATURA TOPOGRÁFICA DE LA BIBLIOTECA DEL CONGRESO
Número de clasificación N5300
Número de documento/Ítem .C67 8 1931
100 1# - ENTRADA PRINCIPAL--NOMBRE DE PERSONA
Nombre de persona Cossío
Fechas asociadas al nombre 1857-1935
Forma completa/desarrollada del nombre Manuel Pedro Bartolomé Cossío
9 (RLIN) 18030
245 10 - MENCIÓN DE TÍTULO
Título Summa Artis
Resto del título historia general del arte
Mención de responsabilidad, etc. Cossío-Pijoán.
260 ## - PUBLICACIÓN, DISTRIBUCIÓN, ETC.
Lugar de publicación, distribución, etc. España
Nombre del editor, distribuidor, etc. Espasa-Calpe
Fecha de publicación, distribución, etc. 1931-1951
300 ## - DESCRIPCIÓN FÍSICA
Extensión 14 v.
Otras características físicas il. (algunas a color)
Dimensiones 27 cm.
500 ## - NOTA GENERAL
Nota general Enciclopedia inventariada por Banco de México como libro
500 ## - NOTA GENERAL
Nota general Ver también AA121, AA122, AA123, D136, D137, D138 y D142
500 ## - NOTA GENERAL
Nota general N28
504 ## - NOTA DE BIBLIOGRAFÍA, ETC.
Nota de bibliografía, etc. Incluye referencias bibliográficas e índice
505 0# - NOTA DE CONTENIDO CON FORMATO
Nota de contenido con formato Contenido: v.1. Arte de los pueblos aborígenes, J.P. -- v.2. Arte del Asia occidental, J.P. -- v.3. El arte egipcio: hasta la conquista romana, J.P. -- v.4. El arte griego, J.P. -- v.5. El arte romano: hasta la muerte de Diocleciano, J.P. -- v.6. El arte prehistórico europeo, J.P. -- v.7. Arte cristiano primitivo. Arte bizantino, J.P. -- v.8. Arte bárbaro y prerrománico, J.P. -- v.9. El arte románico: siglos XI y XII. -- v.10. Arte precolombiano, mexicano y maya. -- v.11. Arte gótico de la Europa occidental. Siglos XIII, XIV y XV. -- v.12. Arte islámico. -- v.13. Arte del periodo humanístico trecento y cuatrocento. -- v.14. Renacimiento romano y veneciano: siglo XVI
650 14 - PUNTO DE ACCESO ADICIONAL DE MATERIA--TÉRMINO DE MATERIA
Término de materia o nombre geográfico como elemento de entrada Arte
Subdivisión general Historia
9 (RLIN) 18031
700 1# - PUNTO DE ACCESO ADICIONAL--NOMBRE DE PERSONA
Nombre de persona Pijoán, José
Fechas asociadas al nombre 1880-1963
9 (RLIN) 18032
902 ## - CATALOGADOR
Iniciales GFM
942 ## - ELEMENTOS DE PUNTO DE ACCESO ADICIONAL (KOHA)
Fuente del sistema de clasificación o colocación Library of Congress Classification
Tipo de ítem Koha Libros
Holdings
Estado de retiro Estado de pérdida Estado dañado No para préstamo Localización permanente Ubicación/localización actual Fecha de adquisición Número de inventario Total de préstamos Signatura topográfica completa Código de barras Fecha visto por última vez Precio válido a partir de Tipo de ítem Koha
El ejemplar forma parte de la colección y puede ser consultado según las políticas vigentes.       Biblioteca del Museo Franz Mayer (Rogerio Casas-Alatriste) Biblioteca del Museo Franz Mayer (Rogerio Casas-Alatriste) 20/03/2012 N28   N5300 .C67 8 1931 (N28) 7870 22/03/2019 22/03/2019 Libros